02195cam a2200337 i 450000100090000000300060000900500170001500800410003201500190007301600180009202000180011003500170012804001080014504100080025305000220026124500850028324600200036824600330038825000330042126000580045430000230051249000240053550000430055950400510060250503360065352007690098965000290175865000160178765000210180371000330182410105588CaAEU20251124110436.0211013t20222022enk e b 001 0 eng d aGBC2185102bnb7 a0204816362Uk a9781399400657 aon1308597449 aUKMGBbengerdacUKMGBdOCLCOdUKMGBdOCLCFdIEBdGL4dOQXdSISPLdVP@dYDXdIMTdIADdCANPUdCDXdAEVC aeng 4aHF5383b.G48 202200aGet that jobb: CVs and resumes : how to make sure you stand out from the crowd.30aCVs and resumes3 aCurriculum vitae and resumes aRevised and updated edition. aLondon ;aNew York, NY :bBloomsbury Business,c2022. a95 pages ;c18 cm. aBusiness essentials aPreviously published in 2004 and 2009. aIncludes bibliographical references and index.0 aAssess yourself — Identifying your goals and your key skills — Preparing difference types of CV — Winning with your DV — Making an impact with your covering letter — Researching the job market — Choosing the right first job — Example functional CV — Example speculative chronological CV — Where to find more help. aThe ultimate guide to marketing yourself in a CV or resume, and ensuring you make a professional impression in any job search. The job market has never been more competitive, and marketing yourself can be tricky. And nothing raises a red flag for an employer than a poorly-written or badly-presented CV or resume. This handy guide offers practical, step-by-step advice on preparing, writing, and presenting an impressive document - either on paper or online - that will help you to 'get your foot in the door' with prospective employers. Covering essential issues such as identifying your goals, creating different types of CV, or coming up with a fantastic and persuasive letter to go with them, this is a must-read for job hunters at any stage of their career. 0aRésumés (Employment) 0aJob hunting 0aCurriculum vitae aBloomsbury (Firm)epublisher